Województwa po I literze tablicy rejestracyjnej. - Statystyki

Ogólne statystyki
  • Ten quiz został rozwiązany 150 razy
  • Średni wynik to 16 z 18
Statystyki odpowiedzi
Hint Odpowiedź % Poprawnych
S | I śląskie
96%
D | V dolnośląskie
95%
O opolskie
94%
B podlaskie
94%
P | M wielkopolskie
94%
L lubelskie
93%
F lubuskie
93%
W | A mazowieckie
93%
G | X pomorskie
93%
C kujawsko-pomorskie
92%
E łódzkie
92%
Z zachodniopomorskie
92%
K | J małopolskie
91%
R | Y podkarpackie
88%
T świętokrzyskie
87%
N warmińsko-mazurskie
87%
H służby porządkowe (policja, straż graniczna)
51%
U pojazdy wojskowe
44%
Nie znaleziono quizów pasujących do podanych kryteriów
Rozkład punktacji
Procent ludzi z każdym wynikiem
Percentyl według liczby udzielonych odpowiedzi
Twoja historia wyników
Nie rozwiązałeś tego quizu